MARC details
| 000 -LEADER |
| campo de control de longitud fija |
01494nas a2200373 i 4500 |
| 001 - NÚMERO DE CONTROL |
| campo de control |
178488 |
| 003 - IDENTIFICADOR DE NÚMERO DE CONTROL |
| campo de control |
ES-MaACL |
| 005 - FECHA Y HORA DE LA ÚLTIMA TRANSACCIÓN |
| campo de control |
20250809020502.0 |
| 008 - DATOS DE LONGITUD FIJA--INFORMACIÓN GENERAL |
| campo de control de longitud fija |
110603d18131848sp | | ||pa d |
| 022 ## - NÚMERO INTERNACIONAL NORMALIZADO PARA PUBLICACIONES SERIADAS |
| Número Internacional Normalizado para Publicaciones Seriadas |
1138-3755 |
| 080 ## - NÚMERO DE LA CLASIFICACIÓN DECIMAL UNIVERSAL |
| Número de la Clasificación Decimal Universal |
35(460)"18" |
| 080 ## - NÚMERO DE LA CLASIFICACIÓN DECIMAL UNIVERSAL |
| Número de la Clasificación Decimal Universal |
34(460)"18" |
| 245 00 - MENCIÓN DEL TÍTULO |
| Título |
Colección de decretos. |
| 246 2# - FORMA VARIANTE DEL TITULO |
| Título propio/Titulo breve |
Decretos, ordenes y reglamentos ... |
| 246 2# - FORMA VARIANTE DEL TITULO |
| Título propio/Titulo breve |
Decretos y resoluciones |
| 246 2# - FORMA VARIANTE DEL TITULO |
| Título propio/Titulo breve |
Decretos del Rey ... |
| 246 2# - FORMA VARIANTE DEL TITULO |
| Título propio/Titulo breve |
Colección de las Leyes, decretos ... |
| 246 2# - FORMA VARIANTE DEL TITULO |
| Título propio/Titulo breve |
Decretos de la Reina ... |
| 260 ## - PUBLICACIÓN, DISTRIBUCIÓN, ETC. |
| Lugar de publicación, distribución, etc. |
Madrid : |
| Nombre del editor, distribuidor, etc. |
Imp. Real, |
| Fecha de publicación, distribución, etc. |
1813-1848. |
| 300 ## - DESCRIPCIÓN FÍSICA |
| Extensión |
328 v. ; |
| Dimensiones |
22 cm. |
| 310 ## - PERIODICIDAD ACTUAL |
| Periodicidad actual |
Anual |
| 362 0# - FECHAS DE PUBLICACIÓN Y/O DESIGNACIÓN SECUENCIAL |
| Fecha de publicación y/o designación secuencial |
Vol. 1 (1810)-v. 35 (1845) |
| 500 ## - NOTA GENERAL |
| Nota general |
Desde 1834: "Decretos de la Reina Isabel II" - Desde 1837: "Colección de las leyes... de las Cortes y de los Reales decretos. |
| 500 ## - NOTA GENERAL |
| Nota general |
Con apéndice a los tomos I, II, III y IV... años 1814... 1817, e Índice general de decretos desde 1814-45. |
| 500 ## - NOTA GENERAL |
| Nota general |
Numerosas variaciones en el tit. |
| 650 #7 - PUNTO DE ACCESO ADICIONAL DE MATERIA--TÉRMINO DE MATERIA |
| Término de materia o nombre geográfico como elemento de entrada |
Derecho- |
| Subdivisión geográfica |
España |
| Fuente del encabezamiento o término |
|
| 9 (RLIN) |
141531 |
| 740 02 - ENTRADA AGREGADA--TÍTULO RELACIONADO/ANALÍTICO NO CONTROLADO |
| Título relacionado o analítico no controlado |
Decretos de la Reina Nuestra Señora Doña Isable II. |
| Número de parte o sección de la obra |
1834-1837. |
| 740 02 - ENTRADA AGREGADA--TÍTULO RELACIONADO/ANALÍTICO NO CONTROLADO |
| Título relacionado o analítico no controlado |
Colección de las leyes, decretos y declaraciones de las cortes y de los reales decretos. |
| Número de parte o sección de la obra |
1837-1846. |
| 740 02 - ENTRADA AGREGADA--TÍTULO RELACIONADO/ANALÍTICO NO CONTROLADO |
| Título relacionado o analítico no controlado |
Colección legislativa de España. |
| Número de parte o sección de la obra |
V. 36 (1846)-v. 145 (1890) |
| 785 00 - ENTRADA/ENLACE A UN TÍTULO POSTERIOR |
| Título |
Colección legislativa de España |
| Número Internacional Normalizado para Publicaciones Seriadas |
0212-1492 |
| 852 ## - LOCALIZACIÓN |
| Ubicación |
ES-MaACL |
| Número de control de estantería |
Hem-318 |
| 866 #0 - MENCIÓN TEXTUAL DE FONDOS--UNIDAD BIBLIOGRÁFICA BÁSICA |
| Fondos |
1814-1846 (1847) 1848 |